Theodore Roosevelt : The logic of his career

সংরক্ষণ করুন:
গ্রন্থ-পঞ্জীর বিবরন
প্রধান লেখক: Washburn, Charles G.
বিন্যাস: গ্রন্থ
ভাষা:Undetermined
প্রকাশিত: Boston Houghton Mifflin 1916
ট্যাগগুলো: ট্যাগ যুক্ত করুন
কোনো ট্যাগ নেই, প্রথমজন হিসাবে ট্যাগ করুন!
Thư viện lưu trữ: Trung tâm Học liệu Trường Đại học Cần Thơ
LEADER 00476nam a2200181Ia 4500
001 CTU_78189
008 210402s9999 xx 000 0 und d
082 |a 973.4 
082 |b W315 
100 |a Washburn, Charles G. 
245 0 |a Theodore Roosevelt : 
245 4 |b The logic of his career 
245 0 |c Charles G. Washburn 
260 |a Boston 
260 |b Houghton Mifflin 
260 |c 1916 
904 |i Năm 
980 |a Trung tâm Học liệu Trường Đại học Cần Thơ